Statistics for Hybrid Regimes of 2018

Click here to take the quiz!

General Stats

  • This quiz has been taken 33 times
  • The average score is 31 of 39

Answer Stats

Answer% Correct
Armenia
100%
Benin
100%
Bolivia
100%
Bosnia and Herzegovina
100%
Georgia
100%
Haiti
100%
Kenya
100%
Madagascar
100%
Tanzania
100%
Albania
88%
Gambia
88%
Lebanon
88%
Nepal
88%
North Macedonia
88%
Turkey
88%
Uganda
88%
Zambia
88%
Bangladesh
75%
Cote d'Ivoire
75%
El Salvador
75%
Guatemala
75%
Honduras
75%
Iraq
75%
Kyrgyzstan
75%
Liberia
75%
Montenegro
75%
Palestine
75%
Sierra Leone
75%
Ukraine
75%
Bhutan
63%
Mali
63%
Moldova
63%
Morocco
63%
Nigeria
63%
Pakistan
63%
Burkina Faso
50%
Thailand
50%
Fiji
38%
Malawi
38%

Score Distribution

Percentile by Number Answered

Percent of People with Each Score

Your Score History

You have not taken this quiz